[Event "Speed Chess Super Swiss"]
[Site "Chess.com INT"]
[Date "2021.10.16"]
[Round "11"]
[White "Alavkin, Arseny Nailievich"]
[Black "Harshavardhan, GB."]
[Result "1-0"]
[WhiteElo "2373"]
[BlackElo "2397"]
[PlyCount "61"]
[EventDate "2021.10.16"]
[EventType "swiss (blitz)"]
[EventRounds "15"]
[EventCountry "USA"]
[SourceTitle "CBM 204 Extra"]
[Source "ChessBase"]
[SourceDate "2021.11.30"]
[SourceVersion "1"]
[SourceVersionDate "2021.11.30"]
[SourceQuality "1"]

1. c4 e5 2. Nc3 Nf6 3. Nf3 Nc6 4. e4 Bc5 5. Nxe5 Nxe5 6. d4 Bb4 7. dxe5 Nxe4 8. Qf3 Nxc3 9. bxc3 Be7 10. Qg3 g6 11. Bh6 d6 12. Rd1 Be6 13. Be2 Qd7 14. 0-0 0-0-0 15. exd6 Bxd6 16. Qe3 Qa4 17. Bg5 Rde8 18. Qd4 Qa5 19. Bf6 Rhg8 20. Bf3 Qf5 21. Qxa7 Qxf6 22. Qxb7+ Kd8 23. c5 Bc8 24. Qb4 Re6 25. cxd6 Rxd6 26. Rxd6+ cxd6 27. Qb6+ Ke8 28. Qc6+ Kd8 29. Rd1 Ke7 30. Qc7+ Ke6 31. Rxd6+ 1-0